000 00682nam a22001817a 4500
005 20251108164220.0
008 250721s1997 xx 000 0 ara d
082 1 4 _a327.17/سلا
111 2 _aحلقة نقاش السلام و التنمية و الأمن (1996 : عمان)
245 1 0 _aالسلام و التنمية و الأمن :
_bحلقة نقاش /
264 1 _aعمان :
_bمركز الريادة للمعلومات و الدراسات،
_c1997.
300 _a43ص
490 0 _aسلسلة تنمية المجتمع المدني
650 1 7 _aالسلام العربي الإسرائيلي
650 1 7 _aتاريخ العرب
942 _2ddc
_cBK
999 _c6575
_d6575